| 000 | 00343nam a22001337a 4500 | ||
|---|---|---|---|
| 082 | _aP-795 | ||
| 100 |
_aCapt Hilmi _951401 |
||
| 245 | _aHammer Energy Calibration of Standard Peneration Test | ||
| 260 |
_aRisalpur, _bMCE, _c2018. |
||
| 300 | _a66p | ||
| 526 |
_a0 _b0 _c0 _dP_795 |
||
| 700 |
_aLt Col Dr Mazhar Iqbal _951402 |
||
| 942 |
_2ddc _cBK |
||
| 999 |
_c554095 _d554095 |
||